=LDR 00000nam 2200000 4500 =001 INLIS000000000016803 =005 20130612112038 =008 ***********************************Ind** =035 ##$$0010-061300000016803 =041 ##$$a Ind =082 ##$$a 028.55 =090 ##$$a 028.55, Bec n =245 ##$$aaBech, Sussi =260 ##$$a NofretbPermaisuri Amon, Sussi Bech ; diterjemahkan oleh Joko lelono =300 ##$$a 1991 $b Jakarta =650 ##$$a 48 hlm, ilus, 29 cm =850 ##$$a Bacaan anak-anak